000 00358nam a22001577a 4500
003 MPLRDC
005 20220104124715.0
008 210129b ||||| |||| 00| 0 eng d
082 _a414.3 LZ
100 _a不详
245 _a灵芝: 神奇的仙草
_c
260 _a
_b不详
_c
300 _b
650 _a中药材--灵芝
942 _cBK
_o414.3 LZ
999 _c21507
_d21497